Detalles MARC
| 000 -LIDER |
| fixed length control field |
00920nam a22003017a 4500 |
| 001 - NÚMERO DE CONTROL |
| Identificador de número de control |
00260 |
| 003 - IDENTIFICACDOR DE NÚMERO DE CONTROL |
| control field |
DO-SdBNP |
| 005 - DATE AND TIME OF LATEST TRANSACTION |
| control field |
20180220093634.0 |
| 008 - ELEMENTOS DE LONGITUD FIJA |
| fixed length control field |
151023b 1992 sp a |||| 00| 0 spa d |
| 020 ## - ISBN |
| International Standard Book Number |
8434816555 |
| 040 ## - FUENTE DE CATALOGACIÓN |
| Agencia que crea de manera original el registro |
BPMSU |
| Idioma de catalogación |
spa |
| Agencia que realiza la transcripción |
BPMSU |
| 041 17 - CÓDIGOS DE OBRAS TRADUCIDAS O EN VARIOS IDIOMAS |
| Código del idioma del texto/archivo de sonido o separata |
spa |
| Cód. del idioma original y/o traducciones intermedias del texto |
eng |
| 100 1# - ASIENTO PRINCIPAL -- NOMBRE PERSONAL |
| Nombre personal |
Bennett, Jack, |
| Fechas asociadas con el nombre |
1934- |
| 240 10 - TITULO UNIFORME |
| Título uniforme |
The voyage of the Lucky Dragon / |
| Idioma de una obra |
eng. |
| 245 10 - MENCIÓN DE TITULO |
| Título |
El viaje del Lucky Dragon / |
| Mención de responsabilidad |
Jack Bennett ; traducción del inglés Blanca Aguirre ; ilustraciones Julia Díaz. |
| 250 ## - MENCIÓN DE EDICION |
| Mención de edición |
6a. ed. |
| 260 ## - PUBLICACIÓN, DISTRIBUCIÓN, ETC. (PIE DE IMPRENTA) |
| Lugar de publicación, distribución, etc |
Madrid : |
| Nombre del editor, distribuidor, etc. |
Ediciones SM, |
| Fecha de publicación, distribución, etc |
1992. |
| 300 ## - DESCRIPCIÓN FÍSICA |
| Extensión |
160 p. : |
| Otros detalles físicos |
il. |
| Dimensiones |
19 cm. |
| 490 1# - MENCIÓN DE SERIES |
| Mención de serie |
El barco de vapor |
| Library of Congress call number |
28 |
| Enlace |
Serie Roja |
| 521 ## - TARGET AUDIENCE NOTE |
| Target audience note |
A partir de 12 años. |
| 700 12 - ASIENTO SECUNDARIO -- NOMBRE PERSONAL |
| Nombre personal |
Aguirre, Blanca, |
| Mención de responsabilidad |
tr. |
| 700 12 - ASIENTO SECUNDARIO -- NOMBRE PERSONAL |
| Nombre personal |
Díaz, Julia, |
| Mención de responsabilidad |
il. |
| 830 #0 - ASIENTO SECUNDARIO DE SERIE--TÍTULO UNIFORME |
| Título uniforme |
El barco de vapor |
| Número de la parte o sección de una obra |
23 |
| Información miscelánea |
Serie Roja |
| 910 ## - VALIDACIÓN |
| Validación |
00260 |
| 942 ## - ADDED ENTRY ELEMENTS (KOHA) |
| Source of classification or shelving scheme |
Dewey Decimal Classification |
| Koha item type |
Libros |
| 945 ## - INFORMACIÓN DE PROCESAMIENTO LOCAL |
| Información de procesamiento local |
BND01 |
| 956 ## - LOCAL ELECTRONIC LOCATION AND ACCESS (OCLC) |
| Nombre de host |
YLOCKWARD |
| Número de acceso |
10 |
| Información de compresión |
BPMSU |